| 000 | 00462nam a2200157 i 4500 | ||
|---|---|---|---|
| 001 | 34477 | ||
| 003 | ES-MaACL | ||
| 005 | 20230906154936.0 | ||
| 007 | t| | ||
| 008 | 030207s1966 sp ||||1| spa d | ||
| 100 | 1 |
_aBohigues, Rafael. _929823 |
|
| 245 | 1 | 0 |
_a20 situaciones _b: documento auténtico de nuestra juventud / _cRafael Bohigues. |
| 260 |
_aBilbao : _bMensajero, _c1966. |
||
| 300 |
_a168 p., 6 lám. ; _c19 cm. |
||
| 852 |
_aES-MaACL _jC-31691 _bR.62068 |
||
| 999 |
_c34477 _d34477 |
||